Bill Withers Discography - Statistics

General Stats
  • This quiz has been taken 6 times
    5 since last reset
  • The average score is 12 of 20
Answer Stats
Type Year Name % Correct
Album 1971 Just as I Am
100%
Album 1972 Still Bill
100%
Album 1974 +'Justments
80%
Album 1975 Making Music
80%
Album 1977 Menagerie
80%
Album 1976 Naked & Warm
80%
Compilation 2008 Ain't No Sunshine: The Best of Bill Withers
60%
Compilation 1994 Lean on Me: The Best of Bill Withers
60%
Live Album 1973 Live at Carnegie Hall
60%
Compilation 2005 Lovely Day: The Very Best of Bill Withers
60%
Compilation 2009 Playlist: The Very Best of Bill Withers
60%
Compilation 1975 The Best of Bill Withers
60%
Compilation 1980 The Best of Bill Withers, Just The Two of US & Soul Shadows
60%
Compilation 2000 The Best of Bill Withers: Lean on Me
60%
Album 1978 'Bout Love
40%
Compilation 2013 The Essential Bill Withers
40%
Album 1985 Watching You Watching Me
40%
Compilation 1981 Greatest Hits
20%
Compilation 2000 The Ultimate Bill Withers Collection
20%
Compilation 2017 The Ultimate Collection
20%
No matching quizzes found
Score Distribution
Percent of People with Each Score
Percentile by Number Answered
Your Score History
You have not taken this quiz since the last reset